000 00584cam a2200205 4500
001 B2021
008 090401t1988 xxu||||| |||| 00| 0 eng d
035 _a(Sirsi) u47692
041 _aeng
050 _a693.893
100 _aSouthern, J.R.
245 _aSummer condensation on vapour checks : tests with battened, internally insulted, solid walls
260 _aGarston,Watford
_bBuilding Research Establishment
_c1988
300 _a(4)p. : ill. ; 30cm.
350 _a0
490 _aBRE Information Paper
_v12/88
650 _aINSULATION
942 _n0
948 _c04/03/1997
999 _c92171
_d92171